Countries - Statistics

General Stats
  • This quiz has been taken 9 times
  • The average score is 11 of 13
Answer Stats
Picture Answer % Correct
Chile
100%
Brazil
88%
France
88%
Germany
88%
Poland
88%
Portugal
88%
Spain
88%
Sweden
88%
Uruguay
88%
Belgium
75%
Netherlands
75%
Norway
75%
England
63%
No matching quizzes found
Score Distribution
Percent of People with Each Score
Percentile by Number Answered
Your Score History
You have not taken this quiz